Messages of God's abundance : (Record no. 3244)

MARC details
000 -LEADER
fixed length control field 00749cam a22002414a 4500
001 - CONTROL NUMBER
control field 49719045
003 - CONTROL NUMBER IDENTIFIER
control field OCoLC
005 - DATE AND TIME OF LATEST TRANSACTION
control field 20181107172901.0
008 - FIXED-LENGTH DATA ELEMENTS--GENERAL INFORMATION
fixed length control field 020425s2002 miu 000 0 eng
010 ## - LIBRARY OF CONGRESS CONTROL NUMBER
LC control number 2002006574
020 ## - INTERNATIONAL STANDARD BOOK NUMBER
International Standard Book Number 0310245702 (hardcover : alk. paper)
040 ## - CATALOGING SOURCE
Original cataloging agency DLC
Transcribing agency DLC
042 ## - AUTHENTICATION CODE
Authentication code pcc
082 ## - DEWEY DECIMAL CLASSIFICATION NUMBER
Classification number 242
Item number B724M
092 ## - LOCALLY ASSIGNED DEWEY CALL NUMBER (OCLC)
Classification number 242
Item number T289M
100 1# - MAIN ENTRY--PERSONAL NAME
Personal name Ten Boom, Corrie
245 10 - TITLE STATEMENT
Title Messages of God's abundance :
Remainder of title more meditations by the author of The hiding place /
Statement of responsibility, etc. Corrie Ten Boom ; foreword by Charles Swindoll
260 ## - PUBLICATION, DISTRIBUTION, ETC.
Place of publication, distribution, etc. Grand Rapids, Mich. :
Name of publisher, distributor, etc. Zondervan,
Date of publication, distribution, etc. c2002
300 ## - PHYSICAL DESCRIPTION
Extent 125 p. ;
Dimensions 21 cm
500 ## - GENERAL NOTE
General note Sequel to: Reflections of God's glory
650 #0 - SUBJECT ADDED ENTRY--TOPICAL TERM
Topical term or geographic name entry element Christian life
General subdivision Reformed authors
942 ## - ADDED ENTRY ELEMENTS (KOHA)
Source of classification or shelving scheme Dewey Decimal Classification
Koha item type Books
Holdings
Withdrawn status Lost status Source of classification or shelving scheme Damaged status Not for loan Collection code Home library Current library Shelving location Date acquired Cost, normal purchase price Total Checkouts Full call number Barcode Date last seen Price effective from Koha item type
    Dewey Decimal Classification     Non-fiction Harvest Mission College Harvest Mission College General Stacks 07.11.2018 900.00   242 B724M 003792 07.11.2018 07.11.2018 Books

OPAC Designed and Maintained by HMC Library Team.
Copyright © HMC Library,Greater Noida, UP.
For any Suggestions/Query Contact library via Email:libhmc@gmail.com